| 000 -LEADER |
| fixed length control field |
01115nam a22001697a 4500 |
| 005 - DATE AND TIME OF LATEST TRANSACTION |
| control field |
20241011133309.0 |
| 008 - FIXED-LENGTH DATA ELEMENTS--GENERAL INFORMATION |
| fixed length control field |
241011b ||||| |||| 00| 0 eng d |
| 040 ## - CATALOGING SOURCE |
| Transcribing agency |
SSBUL |
| 082 ## - DEWEY DECIMAL CLASSIFICATION NUMBER |
| Edition number |
23 |
| Classification number |
၂၉၄.၃၄၃၄၀၉ သိန်း |
| Item number |
S-SAT |
| 100 0# - MAIN ENTRY--PERSONAL NAME |
| Personal name |
သိန်းလွင်၊ ဦး။ |
| 9 (RLIN) |
11538 |
| 245 1# - TITLE STATEMENT |
| Title |
ကျိုက်ထီးဆောင်းဆံတော်ရှင်မှ အခြေစကာ ဖွင့်ဖော်ပြုပြင်ထိန်းသိမ်းစောင့်ရှောက်လာသဖြင့် ပွင့်လင်းလျက်ရှိသော ဆံတော်အရှင်စေတီတော်များ / |
| Statement of responsibility, etc. |
ဦးသိန်းလွင်။ |
| 264 ## - PRODUCTION, PUBLICATION, DISTRIBUTION, MANUFACTURE, AND COPYRIGHT NOTICE |
| Place of production, publication, distribution, manufacture |
ရန်ကုန် ၊ |
| Name of producer, publisher, distributor, manufacturer |
တမာမြိုင်စာပေ၊ |
| Date of production, publication, distribution, manufacture, or copyright notice |
၁၉၉၄။ |
| 300 ## - PHYSICAL DESCRIPTION |
| Extent |
၁၀၈ စာမျက်နှာ ၊ |
| Other physical details |
ဓာတ်ပုံများ ၊ |
| Dimensions |
၂၄ စင်တီ။ |
| 500 ## - GENERAL NOTE |
| General note |
S-SAT: Dr. Sai Aung Tun |
| 650 ## - SUBJECT ADDED ENTRY--TOPICAL TERM |
| Topical term or geographic name entry element |
ဆံတော်ရှင်စေတီများ |
| Form subdivision |
သမိုင်း |
| 9 (RLIN) |
55042 |
| 942 ## - ADDED ENTRY ELEMENTS (KOHA) |
| Source of classification or shelving scheme |
|
| Koha item type |
Book (Short term) |